| 000 | 00459cam a22001457a 4500 | ||
|---|---|---|---|
| 008 | 180718b1960 xxu||||| |||| 00| 0 eng d | ||
| 082 | _aI5111 Si22 | ||
| 100 | _aSigband, Norman B. | ||
| 245 |
_aEffective report writing, for business, industry, and government _cby Norman B. Sigband |
||
| 260 |
_aNew York _bHarper _c1960 |
||
| 300 | _a688p | ||
| 650 | _aEconomics --Bibliography --Catalogs | ||
| 650 | _aCommercial correspondence | ||
| 650 | _aReport writing | ||
| 999 |
_c428183 _d428183 |
||